| 000 | 00392nam a22001457a 4500 | ||
|---|---|---|---|
| 003 | CEME | ||
| 005 | 20210628203533.0 | ||
| 008 | 210317b xxu||||| |||| 00| 0 eng d | ||
| 040 | _c. | ||
| 082 | _a004.64 NET'W | ||
| 245 | _aNetware network computing products administration guide , novell netware connect | ||
| 260 |
_aUSA _bCOMPUTER PUBLISHER _c1989 |
||
| 300 | _a2 VOL | ||
| 942 |
_cBK _2ddc |
||
| 999 |
_c574128 _d574128 |
||